000 00672cam a2200265 4500
001
008 000000n2001 000 0 eng u
020 _a0902797972
035 _a(Sirsi) u111399
041 _a306.1
100 _aHolmans, Alan
110 _aTown and Country Planning Association
_93022
245 _aHousing demand and need in England 1996-2016.
260 _aLondon
_bTCPA
_c2001
300 _ax, 121p. ; 30cm.
350 _a20.00
650 _aSTATISTICS
650 _aFORECASTS
650 _aOWNER-OCCUPIED HOUSING
650 _aNEW HOMES
650 _aHOUSEHOLDS
650 _aSOCIAL RENTED SECTOR
690 _aHOUSING
942 _n0
999 _c101240
_d101240